| 000 | 01542cam a2200385Ii 4500 | ||
|---|---|---|---|
| 001 | 9781315850504 | ||
| 008 | 180706s2014 enka ob 001 0 eng d | ||
| 020 |
_a9781315850504 _q(e-book : PDF) |
||
| 020 |
_a9781317912873 _q(e-book: Mobi) |
||
| 020 |
_a9781317912880 _q(e-book: ePub) |
||
| 020 |
_a9781317912897 _q(e-book: PDF) |
||
| 020 |
_z9781843116554 _q(hardback) |
||
| 024 | 7 |
_a10.4324/9781315850504 _2doi |
|
| 040 |
_aKO _beng |
||
| 041 | 0 | _aeng | |
| 082 | 0 | 4 |
_a387.1 _bB583 |
| 100 | 1 |
_aBichou, Khalid., _eauthor. |
|
| 245 | 1 | 0 |
_aRisk management in port operations, logistics and supply-chain security / _cby Khalid Bichou, Michael G.H. Bell and Andrew Evans. |
| 264 | 1 |
_aOxon [England] : _bRoutledge, _c2014. |
|
| 300 | _a1 online resource (xxxiii, 377 pages) | ||
| 490 | 1 | _aLloyd's practical shipping guides | |
| 500 | _aFirst published 2007 by Informa Law. | ||
| 505 | 0 | _apt. 1. Background -- pt. 2. Systems for enhancing port security and operational efficiency -- pt. 3. Frameworks for managing the security of global trading and supply-chain systems -- pt. 4. Models for analysing security risks and policy implications. | |
| 650 | 0 |
_aHarbors _xManagement. |
|
| 650 | 0 | _aRisk management. | |
| 650 | 0 | _aBusiness logistics. | |
| 650 | 0 | _aShipping. | |
| 700 | 1 | _aBell, Michael G. H. | |
| 700 | 1 | _aEvans, Andrew. | |
| 830 | 0 | _aLloyd's practical shipping guides. | |
| 856 | 4 | 0 |
_uhttps://www.taylorfrancis.com/books/9781315850504 _zClick here to view. |
| 904 | _aRUDRA_R | ||
| 905 | _aR_RANJAN | ||
| 942 | _cEB | ||
| 999 |
_c3079 _d3079 |
||